000 01027nam a2200301Ia 4500
001 A8174
003 IT-RoPAU
008 130308s9999 xx 000 0 und d
040 _aIT-RoPAU
040 _cIT-RoPAU
041 _aITALIANO
100 _aEsquerda Bifet Juan
100 _gCodice Aut. SPICS: 36404
245 _aRinnovamento ecclesiale per una pastorale missionaria (Il)
245 _bChiesa locale e inculturazione nella Missione
250 _a1a ed.
260 _aBOLOGNA
260 _bEditrice Missionaria Italiana
260 _c1987 [1° Ed.:1987 - Ed.Ling.Originale:1987]
300 _a"29 p. (prefazione: no ; testo: 29 [pagine: 47-75])"
500 _aDimensione missionaria dei Documenti Conciliari e Post Conciliari. rinnovamento Ecclesiale per la Missione. Ecumenismo e Riconciliazione. rinnovamento Ecclesiale e liberazione in Chiave Missionaria.
650 _aPASTORALE E CULTURE
650 _eCodice materia Spics: 9302
942 _cBK
957 _71
999 _c64351
_d64351
999 _bSI
999 _g1